000 00604nam a22001937a 4500
005 20251108164019.0
008 250721s1997 xx 000 0 ara d
082 1 4 _a796.077/موس
100 1 _aحسام الدين، طلحة
245 1 0 _aالموسوعة العلمية في التدريب /
264 1 _aالقاهرة :
_bمركز الكتاب،
_c1997.
300 _a271ص
650 1 7 _aالألعاب الرياضية
650 1 7 _aاللياقة البدنية
650 1 7 _aالتدريب الرياضي
650 1 7 _aالتربية الرياضية
942 _2ddc
_cBK
999 _c1434
_d1434